Statistiche per Paesi più vicini all'Ucraina

Clicka qui per fare il quiz!

Statistiche generali

  • Questo quiz è stato fatto 73 volte
  • Il punteggio medio è 17 su 20

Statistiche sulle risposte

kmnazione% Corretto
0Bielorussia
100%
0Polonia
100%
0Romania
100%
0Russia
100%
0Ungheria
95%
0Slovacchia
94%
220Lituania
92%
148Bulgaria
90%
264Cechia
90%
467Lettonia
89%
0Moldavia
87%
285Serbia
82%
365Turchia
82%
368Croazia
81%
417Georgia
79%
469Slovenia
77%
432Grecia
76%
372Austria
68%
436Bosnia ed
Erzegovina
66%
468Kazakistan
48%

Distribuzione punteggi

Percentile per numero di risposta

Percentuale di utenti per punteggio

I tuoi punteggi nel tempo

Non hai fatto questo quiz